Účtovníctvo a poradenstvo špecializovaný odborný časopis
Saved in:
| Format: | Serial |
|---|---|
| Language: | Slovak |
| Published: |
Bratislava
Ing. Miroslav Mračko, EPOS
2003
|
| Subjects: | |
| Tags: |
No Tags, Be the first to tag this record!
|
MARC
| LEADER | 00000nas2a2200000 4500 | ||
|---|---|---|---|
| 001 | 0052860 | ||
| 005 | 20070202165630.3 | ||
| 022 | |a 1335-9509 | ||
| 041 | 0 | |a slo | |
| 044 | |a SK | ||
| 245 | 1 | 0 | |a Účtovníctvo a poradenstvo |b špecializovaný odborný časopis |
| 264 | 1 | |a Bratislava |b Ing. Miroslav Mračko, EPOS |c 2003 | |
| 773 | 0 | |w eu_un_cat*s124277 | |
| 610 | 2 | 0 | |a účtovníctvo |
| 610 | 2 | 0 | |a poradenstvo |
| 610 | 2 | 0 | |a dane |